000
00283 a2200097 4500
090
_c
4924
_d
4924
100
_a
Matthew Reynolds
245
_a
Beginning E.Commerce
_b
with vivsual Basic ASP,SQL Server 7.0 and MTS
260
_a
Shroff Publishers
_b
Mumbi
_c
2000
942
_a
NBS
_c
BK
_k
658.8 REY
999
_c
347354
_d
347354